[Event "6th Cattolica Open 2019"]
[Site "Cattolica"]
[Date "2019.06.08"]
[Round "1.10"]
[White "Dev, Shah"]
[Black "Strikovic, Aleksa"]
[Result "0-1"]
[WhiteElo "2183"]
[BlackElo "2503"]
[Annotator "ChessBase"]
[PlyCount "113"]
[EventDate "2019.06.08"]
[EventType "swiss"]
[EventCountry "ITA"]
[SourceTitle "playchess.com"]
[Source "ChessBase"]
[SourceQuality "1"]
[TimeControl "40/5400+30:900+30"]

1. d4 {[%emt 0:00:13]} d6 {[%emt 0:00:00]} 2. c4 {[%emt 0:00:11]} e5 {[%emt 0:00:00]} 3. dxe5 {[%emt 0:02:45]} dxe5 {[%emt 0:00:00]} 4. Qxd8+ {[%emt 0:00:11]} Kxd8 {[%emt 0:00:03]} 5. Nf3 {[%emt 0:00:18]} f6 {[%emt 0:00:50]} 6. Nc3 {[%emt 0:00:32]} Na6 {[%emt 0:00:48]} 7. Bd2 {[%emt 0:02:01]} c6 {[%emt 0:00:08]} 8. O-O-O {[%emt 0:01:36]} Kc7 {[%emt 0:00:36]} 9. e4 {[%emt 1:26:43]} Bc5 {[%emt 0:08:29]} 10. Be1 {[%emt 0:00:00]} Nh6 {[%emt 0:00:28]} 11. h3 {[%emt 0:00:00]} Nf7 {[%emt 0:00:09]} 12. a3 {[%emt 0:00:00]} Be7 {[%emt 0:00:06]} 13. b4 {[%emt 0:00:00]} Be6 {[%emt 0:01:09]} 14. c5 {[%emt 0:00:00]} Nb8 {[%emt 0:00:15]} 15. Nd2 {[%emt 0:00:00]} b6 {[%emt 0:00:20]} 16. Bc4 {[%emt 0:00:00]} Nd8 {[%emt 0:00:28]} 17. cxb6+ {[%emt 0:00:00]} axb6 {[%emt 0:00:07]} 18. Kb2 {[%emt 0:00:00]} Nd7 {[%emt 0:01:30]} 19. f3 {[%emt 0:00:00]} b5 {[%emt 0:02:07]} 20. Bb3 {[%emt 0:00:00]} Nb6 {[%emt 0:04:17]} 21. Bf2 {[%emt 0:00:00]} h5 {[%emt 0:00:52]} 22. h4 {[%emt 0:00:00]} Ra7 {[%emt 0:11:32]} 23. Rc1 {[%emt 0:00:00]} Kb7 {[%emt 0:00:31]} 24. g3 {[%emt 0:00:00]} Bxb3 {[%emt 0:00:32]} 25. Bxb6 {[%emt 0:00:00]} Kxb6 {[%emt 0:00:09]} 26. Nxb3 {[%emt 0:00:00]} Ne6 {[%emt 0:00:27]} 27. Rhd1 {[%emt 0:00:00]} Rha8 {[%emt 0:06:30]} 28. Ra1 {[%emt 0:00:00]} g6 {[%emt 0:02:39]} 29. Re1 {[%emt 0:00:00]} Nd4 {[%emt 0:17:47]} 30. Nxd4 {[%emt 0:00:00]} exd4 {[%emt 0:00:25]} 31. Ne2 {[%emt 0:00:00]} d3 {[%emt 0:00:36]} 32. Nc3 {[%emt 0:00:00]} d2 {[%emt 0:08:33]} 33. Red1 {[%emt 0:00:00]} Rd7 {[%emt 0:00:12]} 34. Kc2 {[%emt 0:00:00]} Rad8 {[%emt 0:00:01]} 35. Nb1 {[%emt 0:00:00]} Rd3 {[%emt 0:02:45]} 36. Nxd2 {[%emt 0:00:00]} c5 {[%emt 0:00:20]} 37. bxc5+ {[%emt 0:00:00]} Bxc5 {[%emt 0:00:08]} 38. Rab1 {[%emt 0:00:00]} Kc6 {[%emt 0:03:05]} 39. Rb3 {[%emt 0:04:32]} Rxb3 {[%emt 0:00:48]} 40. Kxb3 {[%emt 0:10:58]} Rd3+ {[%emt 0:00:00]} 41. Kc2 {[%emt 0:00:00]} Re3 {[%emt 0:06:40]} 42. Rb1 {[%emt 0:00:00]} Bxa3 {[%emt 0:05:02]} 43. Rb3 {[%emt 0:00:00]} Bc5 {[%emt 0:01:07]} 44. Rxe3 {[%emt 0:00:00]} Bxe3 {[%emt 0:00:03]} 45. Nf1 {[%emt 0:01:42]} Bf2 {[%emt 0:00:37]} 46. Kd3 {[%emt 0:01:19]} Kc5 {[%emt 0:01:08]} 47. f4 {[%emt 0:00:48]} b4 {[%emt 0:01:08]} 48. f5 {[%emt 0:01:01]} gxf5 {[%emt 0:02:21]} 49. exf5 {[%emt 0:00:04]} Kd6 {[%emt 0:02:48]} 50. Nd2 {[%emt 0:03:19]} Ke5 {[%emt 0:03:17]} 51. Ne4 {[%emt 0:00:21]} Be1 {[%emt 0:05:00]} 52. g4 {[%emt 0:00:15]} hxg4 {[%emt 0:00:34]} 53. h5 {[%emt 0:00:07]} Kxf5 {[%emt 0:00:04]} 54. h6 {[%emt 0:00:20]} Kg6 {[%emt 0:00:05]} 55. h7 {[%emt 0:00:04]} Kg7 {[%emt 0:00:03]} 56. Nxf6 {[%emt 0:02:52]} g3 {[%emt 0:00:05]} 57. Kd4 {[%emt 0:11:18]} 0-1

[Event "6th Cattolica Open 2019"]
[Site "Cattolica"]
[Date "2019.06.08"]
[Round "1.11"]
[White "Barseghyan, Harutyun"]
[Black "Bernardi, Ruben"]
[Result "1-0"]
[WhiteElo "2495"]
[BlackElo "2182"]
[Annotator "ChessBase"]
[PlyCount "55"]
[EventDate "2019.06.08"]
[EventType "swiss"]
[EventCountry "ITA"]
[SourceTitle "playchess.com"]
[Source "ChessBase"]
[SourceQuality "1"]
[TimeControl "40/5400+30:900+30"]

1. d4 {[%emt 0:00:07]} d5 {[%emt 0:00:54]} 2. Nf3 {[%emt 0:02:18]} Nf6 {[%emt 0:00:30]} 3. c4 {[%emt 0:00:45]} e6 {[%emt 0:00:14]} 4. g3 {[%emt 0:00:16]} Bb4+ {[%emt 0:01:52]} 5. Bd2 {[%emt 0:00:27]} Be7 {[%emt 0:03:17]} 6. Bg2 {[%emt 0:00:21]} O-O {[%emt 0:02:53]} 7. O-O {[%emt 0:00:22]} c6 {[%emt 0:10:25]} 8. Na3 {[%emt 0:00:46]} Ne4 {[%emt 0:04:41]} 9. Bf4 {[%emt 0:05:36]} Nd7 {[%emt 0:17:39]} 10. Rc1 {[%emt 0:02:35]} g5 {[%emt 0:13:38]} 11. Bd2 {[%emt 0:00:10]} f5 {[%emt 0:00:42]} 12. Nc2 {[%emt 0:00:47]} Kh8 {[%emt 0:01:32]} 13. Bb4 {[%emt 0:00:28]} a5 {[%emt 0:02:14]} 14. Bxe7 {[%emt 0:00:08]} Qxe7 {[%emt 0:00:05]} 15. Nce1 {[%emt 0:00:59]} g4 {[%emt 0:06:54]} 16. Nd2 {[%emt 0:00:15]} Ng5 {[%emt 0:01:22]} 17. Nd3 {[%emt 0:01:49]} Qg7 {[%emt 0:05:17]} 18. e3 {[%emt 0:00:47]} Nf6 {[%emt 0:01:19]} 19. Nf4 {[%emt 0:02:15]} h5 {[%emt 0:04:08]} 20. Qb3 {[%emt 0:01:37]} h4 {[%emt 0:03:30]} 21. Qa3 {[%emt 0:01:47]} Rf7 {[%emt 0:00:04]} 22. Qd6 {[%emt 0:05:22]} Bd7 {[%emt 0:00:41]} 23. gxh4 {[%emt 0:03:37]} Nf3+ {[%emt 0:01:47]} 24. Bxf3 {[%emt 0:00:14]} gxf3+ {[%emt 0:00:10]} 25. Kh1 {[%emt 0:00:16]} Rg8 {[%emt 0:03:46]} 26. Nxf3 {[%emt 0:03:57]} Qg4 {[%emt 0:00:48]} 27. Ne5 {[%emt 0:00:37]} Qxh4 {[%emt 0:03:21]} 28. Neg6+ {[%emt 0:00:58]} 1-0

[Event "6th Cattolica Open 2019"]
[Site "Cattolica"]
[Date "2019.06.09"]
[Round "2.1"]
[White "Maurizzi, Marc Andria"]
[Black "Dreev, Aleksey"]
[Result "0-1"]
[WhiteElo "2433"]
[BlackElo "2657"]
[Annotator "TA"]
[PlyCount "84"]
[EventDate "2019.06.08"]
[EventType "swiss"]
[EventCountry "ITA"]
[SourceTitle "playchess.com"]
[Source "ChessBase"]
[SourceQuality "1"]

{[%evp 21,84,0,0,0,17,2,7,0,17,0,0,-6,-4,-16,-16,-12,0,0,0,-22,0,-41,5,7,0,-5,-7,-4,-4,-11,-9,-4,-4,-8,-8,-8,0,0,0,0,3,0,4,4,6,6,3,0,0,0,0,0,2,0,0,0,0,-570,-543,-514,-500,-439,-189,-404,-383]} 1. e4 c5 2. Nc3 Nc6 3. Nf3 e6 4. d4 cxd4 5. Nxd4 Nf6 6. Ndb5 d6 7. Bf4 e5 8. Bg5 a6 9. Na3 Be6 10. Nd5 Bxd5 11. exd5 Qa5+ 12. c3 {[#] Black must now prevent Bxf6. B33: Sicilian: Pelikan and Sveshnikov Variations} Qxd5 ({But not} 12... Nxd5 $6 13. Nc4 $16) 13. Bxf6 Qxd1+ $1 (13... Qe4+ 14. Be2 gxf6 15. O-O Rg8 16. Bf3 Qg6 17. g3 f5 18. Qb3 Nd8 19. Bxb7 Rb8 {½-½ (34) Nguyen,V (2180)-Tu,H (2414) Ho Chi Minh City 2015}) 14. Rxd1 {Strongly threatening Bg5.The position is equal.} gxf6 15. Nc4 Rd8 16. Ne3 Ne7 17. Nd5 (17. g3 {seems wilder.} Bh6 18. Ng4 Bg7 19. Ne3 f5 20. Rg1) 17... Nxd5 18. Rxd5 f5 $146 ({Predecessor:} 18... Rg8 19. Rg1 Ke7 {0-1 (51) Sessler,J-Steiger,W Eppingen 1988}) 19. Bd3 f4 20. Be4 Ke7 21. g4 fxg3 22. hxg3 h5 23. Rd1 b5 24. Bf3 Bg7 25. Rxh5 Rxh5 26. Bxh5 $11 {[%mdl 4096] Endgame KRB-KRB} d5 27. Be2 e4 28. f3 f5 29. g4 e3 30. gxf5 Kf6 31. Rd4 Kxf5 32. Bd3+ Ke5 33. Rh4 Bf6 34. Rh5+ Ke6 35. Ke2 d4 36. cxd4 Bxd4 37. Rh6+ Ke5 38. b3 Rg8 {...Rg2+ is the strong threat.} 39. Rxa6 $2 {[%mdl 8192]} (39. Rh5+ $11 {and White stays safe.} Ke6 40. Bf5+ Kd6 41. Bh3) 39... Rg2+ $19 40. Ke1 Bc3+ 41. Kf1 Rf2+ {[%mdl 64] Double Attack} 42. Kg1 {[#]} e2 $1 {[%mdl 512] Accuracy: White = 49%, Black = 73%.} 0-1

[Event "6th Cattolica Open 2019"]
[Site "Cattolica"]
[Date "2019.06.09"]
[Round "2.2"]
[White "Mareco, Sandro"]
[Black "Solomon, Kenny"]
[Result "1-0"]
[WhiteElo "2643"]
[BlackElo "2383"]
[Annotator "TA"]
[PlyCount "97"]
[EventDate "2019.06.08"]
[EventType "swiss"]
[EventCountry "ITA"]
[SourceTitle "playchess.com"]
[Source "ChessBase"]
[SourceQuality "1"]

{[%evp 24,97,18,18,15,20,20,23,16,13,18,20,14,15,80,83,80,73,52,44,45,52,65,64,78,16,19,0,0,0,40,9,9,9,15,18,20,18,99,25,121,96,108,96,91,85,85,87,89,84,97,97,94,94,105,104,97,105,129,121,122,132,163,171,159,175,232,231,212,193,181,181,518,502,663,655]} 1. e4 e5 2. Nf3 Nc6 3. Bb5 a6 4. Ba4 Nf6 5. O-O Be7 6. d3 b5 7. Bb3 d6 8. c3 O-O 9. Re1 Na5 10. Bc2 c5 11. Nbd2 Nc6 12. Nf1 Qc7 13. Bg5 h6 {C90: Closed Ruy Lopez with 7...d6: Early deviations} 14. Bh4 Re8 $146 ({Predecessor:} 14... Be6 15. Ne3 Nd7 16. Bg3 Bf6 17. Nh4 g6 18. Nhf5 gxf5 19. exf5 Kh8 20. f4 Bg7 21. fxe6 fxe6 22. Qg4 exf4 23. Bxf4 {1-0 (35) Berg,E (2581)-Greet,A (2441) Liverpool 2007}) 15. Ne3 Be6 {White has an edge.} 16. h3 Qb6 17. Nd2 Rad8 18. Bb3 g5 (18... Nd7 $11 19. Bxe7 Nxe7) 19. Bg3 $16 Bf8 20. Qf3 Bg7 21. Nf5 Bxf5 22. Qxf5 d5 23. exd5 Nxd5 24. Nf1 (24. a4 $16) 24... Nce7 $11 {[%cal Bc6e7,Be7f5,Bf5h4][%mdl 32]} 25. Qf3 Nf4 26. Rad1 Qf6 {Black wants to play ...Nxh3+!} 27. Nh2 (27. Bxf4 $5 gxf4 28. Nd2 $14) 27... Qg6 {[%cal Rd8d3]} 28. Bxf4 gxf4 29. Qe2 Nf5 30. Nf3 Kh8 (30... Nd6 $11) 31. Bc2 ({Better is} 31. Qe4 $16) 31... Qf6 {[#]} (31... Rg8 $11 {remains equal.} 32. Kh1 Bf6) 32. d4 $1 $16 {[%cal Rd4e5][%mdl 512]} e4 (32... cxd4 33. Qe4) 33. Bxe4 cxd4 34. Qc2 Nh4 35. Nxd4 Qg5 {White must now prevent ...Bxd4.} 36. Nf5 Rxd1 37. Rxd1 Nxg2 38. Bxg2 f3 {[%csl Gf3][%cal Rg5g2][%mdl 64] [#] Pin} 39. Ng3 fxg2 40. Kxg2 Rg8 41. Qd2 Qh4 42. Qd5 Qf4 43. Rd3 Qc1 44. Rd2 ({Don't play} 44. Qxf7 $6 Qxb2 45. Qe6 a5 $16) 44... Bf6 (44... Rf8 $142 45. Qd6 Re8) 45. Re2 $18 ({Worse is} 45. Qxf7 Qxd2 46. Qxf6+ Kh7 $11) 45... Kg7 46. a3 Qg5 47. Qf3 Rd8 $2 (47... Bd8 {is more resistant.} 48. Re4 Qf6 49. Rg4+ Kf8) 48. Re4 Kf8 49. h4 {Accuracy: White = 72%, Black = 46%.} 1-0

[Event "6th Cattolica Open 2019"]
[Site "Cattolica"]
[Date "2019.06.09"]
[Round "2.3"]
[White "Siddharth, Jagadeesh"]
[Black "Fedorchuk, Sergey A."]
[Result "0-1"]
[WhiteElo "2416"]
[BlackElo "2631"]
[Annotator "TA"]
[PlyCount "80"]
[EventDate "2019.06.08"]
[EventType "swiss"]
[EventCountry "ITA"]
[SourceTitle "playchess.com"]
[Source "ChessBase"]
[SourceQuality "1"]

{[%evp 9,80,24,28,23,22,22,29,28,27,19,31,40,10,20,62,39,71,55,95,31,93,32,47,39,32,22,76,0,0,0,0,0,0,0,0,0,0,0,0,0,0,-30,-28,-25,-26,-40,0,-34,0,-23,-20,-31,-14,-24,-10,-67,-70,-292,-277,-277,-292,-284,-277,-336,-335,-320,-244,-412,-408,-404,-390,-467,-436]} 1. d4 Nf6 2. c4 b6 3. Nc3 Bb7 4. f3 d5 5. cxd5 Nxd5 6. Nxd5 {A50: Queen's Fianchetto Defence (1 d4 Nf6 2 c4 b6)} (6. e4 Nxc3 7. bxc3 e5 8. Be3 Be7 9. dxe5 Nd7 10. Qa4 c6 11. Rd1 b5 12. Qb3 Qa5 13. f4 O-O-O 14. Nf3 Nc5 15. Bxc5 Bxc5 {0-1 (58) Ju,W (2583)-Li,C (2720) Beijing 2017}) 6... Qxd5 7. e4 Qd7 8. Be3 {White has an edge.} e6 9. Bc4 Bb4+ 10. Kf2 O-O 11. Ne2 Nc6 12. a3 $146 ({Predecessor:} 12. Qc2 Na5 13. Bd3 c5 14. dxc5 {0-1 (34) Peng,Z (2376)-Broekmeulen,J (2386) Netherlands 2015}) 12... Bd6 13. Rc1 a6 14. b4 (14. e5 $16 Be7 15. Qc2) 14... Rad8 ({Black should play} 14... Rfd8 $14) 15. Qb3 (15. e5 $16 b5 16. exd6 bxc4 17. dxc7 (17. Rxc4 cxd6 18. Qa4 Ne7 $11) 17... Qxc7 18. Rxc4) 15... e5 $14 16. Rhd1 Qe7 17. g3 Kh8 (17... exd4 $11 18. Nxd4 Nxd4 19. Bxd4 a5) 18. Bd5 (18. d5 $16 Nb8 19. Qc2) 18... Nxd4 $11 19. Nxd4 Bxd5 20. exd5 {[#] And now Nc6 would win.} exd4 21. Rxd4 f5 22. Bf4 Bxf4 23. Rxf4 Qe5 24. Rd1 h6 25. Qe3 (25. Qd3 {with more complications.} b5 26. Rd4 Rfe8 27. Kg2 Re7 28. Rd2) 25... Rxd5 {Hoping for ...Qxe3+.} 26. Qxe5 Rxe5 {[%mdl 4096] Endgame KRR-KRR} 27. Rc4 Re7 (27... Rfe8 $5 {[%cal Re5e2]} 28. Rd2 Re3 $15) 28. Rdc1 Rff7 (28... Rd8 $5 {[%cal Rd8d2]} 29. R1c2 Rdd7 $11) 29. Rc6 Rd7 30. R1c2 Kg8 31. Ke3 Kf8 32. a4 {[#]} ({Better is} 32. h4 $11) 32... f4+ $1 $15 {[%mdl 512]} 33. Ke4 $2 (33. gxf4 $15 Rde7+ 34. Kf2) 33... Rde7+ 34. Kd4 fxg3 35. hxg3 Rxf3 36. Rxc7 Rxc7 (36... Rxg3 37. Rc8+ Kf7 38. Rf2+ Kg6 39. Rc6+ Kh7 40. Rxb6 $15) 37. Rxc7 $19 {KR-KR} Ra3 ({Less strong is} 37... Rxg3 38. Ra7 $17) 38. Rc6 $2 (38. Rc8+ Kf7 39. Rc7+ Kg8 40. Kc4) 38... Rxa4 39. Rxb6 a5 40. Kc5 Rxb4 {Accuracy: White = 34%, Black = 53%.} 0-1

[Event "6th Cattolica Open 2019"]
[Site "Cattolica"]
[Date "2019.06.09"]
[Round "2.4"]
[White "Vovk, Yuri"]
[Black "Yu, Jennifer"]
[Result "1-0"]
[WhiteElo "2586"]
[BlackElo "2369"]
[Annotator "ChessBase"]
[PlyCount "75"]
[EventDate "2019.06.08"]
[EventType "swiss"]
[EventCountry "ITA"]
[SourceTitle "playchess.com"]
[Source "ChessBase"]
[SourceQuality "1"]
[TimeControl "40/5400+30:900+30"]

1. e4 {[%emt 0:00:26]} e5 {[%emt 0:00:00]} 2. Nf3 {[%emt 0:00:07]} Nc6 {[%emt 0:00:00]} 3. Bb5 {[%emt 0:02:09]} a6 {[%emt 0:00:08]} 4. Ba4 {[%emt 0:00:07]} Nf6 {[%emt 0:00:08]} 5. O-O {[%emt 0:00:06]} Be7 {[%emt 0:00:25]} 6. Re1 {[%emt 0:00:32]} b5 {[%emt 0:00:58]} 7. Bb3 {[%emt 0:00:07]} d6 {[%emt 0:00:05]} 8. a4 {[%emt 0:01:05]} Bg4 {[%emt 0:09:58]} 9. c3 {[%emt 0:00:29]} O-O {[%emt 0:01:03]} 10. h3 {[%emt 0:03:56]} Bh5 {[%emt 0:03:28]} 11. d3 {[%emt 0:01:37]} Na5 {[%emt 0:05:32]} 12. Ba2 {[%emt 0:02:17]} c5 {[%emt 0:00:45]} 13. Bg5 {[%emt 0:07:28]} b4 {[%emt 0:15:33]} 14. Bxf6 {[%emt 0:03:38]} Bxf6 {[%emt 0:00:04]} 15. Bd5 {[%emt 0:00:09]} Rb8 {[%emt 0:05:03]} 16. Nbd2 {[%emt 0:01:17]} Bg5 {[%emt 0:05:06]} 17. g4 {[%emt 0:03:01]} Bg6 {[%emt 0:05:50]} 18. Nxg5 {[%emt 0:05:04]} Qxg5 {[%emt 0:00:07]} 19. Nf3 {[%emt 0:01:32]} Qe7 {[%emt 0:07:31]} 20. h4 {[%emt 0:09:35]} h6 {[%emt 0:09:54]} 21. Kg2 {[%emt 0:06:02]} Rfc8 {[%emt 0:04:13]} 22. Qe2 {[%emt 0:02:20]} Kf8 {[%emt 0:01:27]} 23. Qe3 {[%emt 0:06:19]} h5 {[%emt 0:10:29]} 24. Ng5 {[%emt 0:03:52]} Qd7 {[%emt 0:02:56]} 25. gxh5 {[%emt 0:01:02]} Bxh5 {[%emt 0:01:54]} 26. Qg3 {[%emt 0:01:46]} Ke8 {[%emt 0:01:03]} 27. Re3 {[%emt 0:00:45]} Nc6 {[%emt 0:01:23]} 28. Kh2 {[%emt 0:02:03]} Nd8 {[%emt 0:01:31]} 29. Rg1 {[%emt 0:02:28]} Rc7 {[%emt 0:01:23]} 30. Nh7 {[%emt 0:01:14]} Bg6 {[%emt 0:03:26]} 31. h5 {[%emt 0:02:06]} Bxh7 {[%emt 0:00:41]} 32. Qxg7 {[%emt 0:00:09]} bxc3 {[%emt 0:02:11]} 33. Qxh7 {[%emt 0:01:17]} Rxb2 {[%emt 0:01:16]} 34. Rf3 {[%emt 0:00:19]} Qe7 {[%emt 0:00:14]} 35. Rg8+ {[%emt 0:01:50]} Kd7 {[%emt 0:00:04]} 36. Qf5+ {[%emt 0:00:49]} Ne6 {[%emt 0:00:07]} 37. Qxf7 {[%emt 0:00:14]} c2 {[%emt 0:00:39]} 38. Rf6 {[%emt 0:26:50]} 1-0

[Event "6th Cattolica Open 2019"]
[Site "Cattolica"]
[Date "2019.06.09"]
[Round "2.5"]
[White "Anand Nadar"]
[Black "Martinez Alcantara, Jose Eduardo"]
[Result "1/2-1/2"]
[WhiteElo "2366"]
[BlackElo "2583"]
[Annotator "ChessBase"]
[PlyCount "105"]
[EventDate "2019.06.08"]
[EventType "swiss"]
[EventCountry "ITA"]
[SourceTitle "playchess.com"]
[Source "ChessBase"]
[SourceQuality "1"]
[TimeControl "40/5400+30:900+30"]

1. e4 {[%emt 0:00:00]} c5 {[%emt 0:00:00]} 2. Nf3 {[%emt 0:00:00]} d6 {[%emt 0:00:13]} 3. d4 {[%emt 0:00:02]} cxd4 {[%emt 0:00:06]} 4. Nxd4 {[%emt 0:04:56]} Nf6 {[%emt 0:00:07]} 5. Nc3 {[%emt 0:00:05]} a6 {[%emt 0:00:05]} 6. Be2 {[%emt 0:00:04]} e5 {[%emt 0:00:07]} 7. Nf3 {[%emt 0:00:03]} Nbd7 {[%emt 0:02:34]} 8. a4 {[%emt 0:02:28]} h6 {[%emt 0:09:31]} 9. O-O {[%emt 0:07:19]} Nc5 {[%emt 0:02:12]} 10. Nd2 {[%emt 0:02:51]} Be6 {[%emt 0:00:35]} 11. b3 {[%emt 0:11:33]} Qc7 {[%emt 0:04:35]} 12. Bb2 {[%emt 0:00:59]} Be7 {[%emt 0:01:43]} 13. Re1 {[%emt 0:05:46]} O-O {[%emt 0:02:33]} 14. Bf3 {[%emt 0:01:56]} Qc6 {[%emt 0:06:11]} 15. a5 {[%emt 0:04:24]} Rac8 {[%emt 0:06:24]} 16. Nf1 {[%emt 0:08:40]} Rfe8 {[%emt 0:07:40]} 17. b4 {[%emt 0:11:56]} Ncd7 {[%emt 0:00:20]} 18. Ne3 {[%emt 0:00:12]} b5 {[%emt 0:03:33]} 19. Ncd5 {[%emt 0:05:39]} Bf8 {[%emt 0:04:40]} 20. Rc1 {[%emt 0:03:05]} Qb7 {[%emt 0:03:48]} 21. Qd2 {[%emt 0:03:34]} Bxd5 {[%emt 0:05:37]} 22. exd5 {[%emt 0:01:22]} g6 {[%emt 0:00:31]} 23. Be2 {[%emt 0:08:33]} h5 {[%emt 0:06:00]} 24. c4 {[%emt 0:00:27]} bxc4 {[%emt 0:00:09]} 25. Bxc4 {[%emt 0:02:21]} Bh6 {[%emt 0:03:51]} 26. Ba3 {[%emt 0:00:06]} Qa7 {[%emt 0:12:07]} 27. Qe2 {[%emt 0:02:34]} Ra8 {[%emt 0:09:46]} 28. Bb3 {[%emt 0:02:02]} Ne4 {[%emt 0:04:12]} 29. Rc6 {[%emt 0:00:48]} Nb8 {[%emt 0:03:07]} 30. Qc2 {[%emt 0:05:25]} Nf6 {[%emt 0:02:10]} 31. Rxd6 {[%emt 0:01:55]} Nbd7 {[%emt 0:00:01]} 32. Rc6 {[%emt 0:00:13]} Rab8 {[%emt 0:00:45]} 33. d6 {[%emt 0:00:41]} Kg7 {[%emt 0:00:21]} 34. Qc4 {[%emt 0:00:15]} Rf8 {[%emt 0:00:23]} 35. Rxa6 {[%emt 0:00:16]} Qd4 {[%emt 0:00:13]} 36. Qxd4 {[%emt 0:01:43]} exd4 {[%emt 0:00:00]} 37. Nd5 {[%emt 0:02:06]} Bd2 {[%emt 0:00:56]} 38. Rd1 {[%emt 0:00:34]} Nxd5 {[%emt 0:00:01]} 39. Bxd5 {[%emt 0:00:35]} Bxb4 {[%emt 0:00:05]} 40. Bb2 {[%emt 0:00:00]} Bc5 {[%emt 0:00:00]} 41. Ba1 {[%emt 0:05:29]} Rfc8 {[%emt 0:05:44]} 42. g3 {[%emt 0:05:32]} Rb4 {[%emt 0:00:40]} 43. Rc6 {[%emt 0:02:03]} Rxc6 {[%emt 0:02:05]} 44. Bxc6 {[%emt 0:00:02]} Ne5 {[%emt 0:00:01]} 45. Bd5 {[%emt 0:00:56]} Kf6 {[%emt 0:05:31]} 46. Kg2 {[%emt 0:02:01]} g5 {[%emt 0:01:33]} 47. a6 {[%emt 0:00:44]} g4 {[%emt 0:03:00]} 48. Rc1 {[%emt 0:02:20]} Bb6 {[%emt 0:00:01]} 49. Rd1 {[%emt 0:02:05]} Ra4 {[%emt 0:01:59]} 50. Bb3 {[%emt 0:00:26]} Rb4 {[%emt 0:01:04]} 51. Bd5 {[%emt 0:00:01]} Ra4 {[%emt 0:00:06]} 52. Bb3 {[%emt 0:00:11]} Rb4 {[%emt 0:00:12]} 53. Bd5 {[%emt 0:00:24]} 1/2-1/2

[Event "6th Cattolica Open 2019"]
[Site "Cattolica"]
[Date "2019.06.09"]
[Round "2.6"]
[White "Basso, Pier Luigi"]
[Black "Drazic, Sinisa"]
[Result "1-0"]
[WhiteElo "2539"]
[BlackElo "2365"]
[Annotator "ChessBase"]
[PlyCount "112"]
[EventDate "2019.06.08"]
[EventType "swiss"]
[EventCountry "ITA"]
[SourceTitle "playchess.com"]
[Source "ChessBase"]
[SourceQuality "1"]
[TimeControl "40/5400+30:900+30"]

1. d4 {[%emt 0:10:17]} Nf6 {[%emt 0:00:00]} 2. c4 {[%emt 0:01:45]} e6 {[%emt 0:00:00]} 3. Nf3 {[%emt 0:00:03]} Bb4+ {[%emt 0:00:00]} 4. Bd2 {[%emt 0:00:49]} c5 {[%emt 0:00:00]} 5. Bxb4 {[%emt 0:00:47]} cxb4 {[%emt 0:00:00]} 6. a3 {[%emt 0:00:07]} bxa3 {[%emt 0:00:00]} 7. Rxa3 {[%emt 0:00:04]} b6 {[%emt 0:00:13]} 8. Nc3 {[%emt 0:02:24]} O-O {[%emt 0:01:21]} 9. e4 {[%emt 0:07:24]} d6 {[%emt 0:00:12]} 10. Bd3 {[%emt 0:02:51]} Bb7 {[%emt 0:06:28]} 11. e5 {[%emt 0:12:26]} dxe5 {[%emt 0:00:29]} 12. dxe5 {[%emt 0:00:10]} Ng4 {[%emt 0:03:46]} 13. Qe2 {[%emt 0:15:46]} Nd7 {[%emt 0:34:06]} 14. Be4 {[%emt 0:02:32]} Bxe4 {[%emt 0:00:06]} 15. Qxe4 {[%emt 0:00:33]} h5 {[%emt 0:00:05]} 16. O-O {[%emt 0:07:54]} Nc5 {[%emt 0:00:17]} 17. Qe2 {[%emt 0:00:35]} Qd3 {[%emt 0:00:26]} 18. h3 {[%emt 0:03:32]} Qxe2 {[%emt 0:00:19]} 19. Nxe2 {[%emt 0:00:03]} Nh6 {[%emt 0:00:07]} 20. b4 {[%emt 0:03:31]} Nb7 {[%emt 0:00:49]} 21. Ra6 {[%emt 0:02:28]} Rfc8 {[%emt 0:00:51]} 22. Rfa1 {[%emt 0:00:47]} Rxc4 {[%emt 0:00:10]} 23. Rxa7 {[%emt 0:02:20]} Rb8 {[%emt 0:00:24]} 24. Ra8 {[%emt 0:03:04]} Rcc8 {[%emt 0:04:59]} 25. Rxb8 {[%emt 0:00:27]} Rxb8 {[%emt 0:00:02]} 26. Ned4 {[%emt 0:04:10]} Nd8 {[%emt 0:02:08]} 27. Ra7 {[%emt 0:03:29]} f6 {[%emt 0:07:59]} 28. b5 {[%emt 0:02:28]} Nhf7 {[%emt 0:00:48]} 29. exf6 {[%emt 0:01:48]} gxf6 {[%emt 0:00:12]} 30. Nc6 {[%emt 0:01:33]} Rb7 {[%emt 0:15:56]} 31. Ra8 {[%emt 0:01:08]} Rd7 {[%emt 0:00:01]} 32. Rb8 {[%emt 0:01:47]} Rb7 {[%emt 0:00:10]} 33. Rc8 {[%emt 0:00:42]} Rd7 {[%emt 0:00:03]} 34. Rb8 {[%emt 0:00:06]} Rb7 {[%emt 0:00:02]} 35. Rxd8+ {[%emt 0:05:40]} Nxd8 {[%emt 0:00:04]} 36. Nxd8 {[%emt 0:00:02]} Re7 {[%emt 0:00:09]} 37. Nd4 {[%emt 0:01:24]} e5 {[%emt 0:00:11]} 38. Nf5 {[%emt 0:00:09]} Rd7 {[%emt 0:01:02]} 39. Nc6 {[%emt 0:00:01]} Rd1+ {[%emt 0:03:24]} 40. Kh2 {[%emt 0:00:00]} Kf7 {[%emt 0:00:00]} 41. Na7 {[%emt 0:04:15]} Rd2 {[%emt 0:08:52]} 42. f3 {[%emt 0:01:51]} Rd7 {[%emt 0:29:49]} 43. Nc8 {[%emt 0:01:24]} Ke6 {[%emt 0:00:00]} 44. Nxb6 {[%emt 0:02:06]} Rb7 {[%emt 0:00:00]} 45. Nc4 {[%emt 0:00:02]} Rxb5 {[%emt 0:00:00]} 46. Ng7+ {[%emt 0:01:14]} Ke7 {[%emt 0:00:00]} 47. Ne3 {[%emt 0:02:59]} Kf7 {[%emt 0:00:00]} 48. Nxh5 {[%emt 0:00:16]} e4 {[%emt 0:00:00]} 49. Nf4 {[%emt 0:04:58]} Rb3 {[%emt 0:00:00]} 50. Nfd5 {[%emt 0:00:14]} exf3 {[%emt 0:00:00]} 51. gxf3 {[%emt 0:00:57]} Ke6 {[%emt 0:00:00]} 52. f4 {[%emt 0:02:08]} Rb7 {[%emt 0:00:00]} 53. Kg3 {[%emt 0:00:21]} Rg7+ {[%emt 0:00:00]} 54. Kf3 {[%emt 0:00:10]} Rh7 {[%emt 0:00:00]} 55. f5+ {[%emt 0:00:13]} Ke5 {[%emt 0:00:00]} 56. Nf4 {[%emt 0:00:07]} Rh5 {[%emt 0:07:00] Ke4+ Kd5+} 1-0